Do-it-Yourself marketing research (Record no. 75538)

MARC details
000 -LEADER
fixed length control field 00651nam a2200145 a 4500
008 - FIXED-LENGTH DATA ELEMENTS--GENERAL INFORMATION
fixed length control field 120416s1977 ||||||||||||||||| || u
050 ## - LIBRARY OF CONGRESS CALL NUMBER
Classification number HF 5415.2 Bre
100 ## - MAIN ENTRY--PERSONAL NAME
Personal name Breen, George Edward, 1911-
245 10 - TITLE STATEMENT
Title Do-it-Yourself marketing research
260 ## - PUBLICATION, DISTRIBUTION, ETC.
Place of publication, distribution, etc. New York
Name of publisher, distributor, etc. McGraw-Hill
Date of publication, distribution, etc. 1977
300 ## - PHYSICAL DESCRIPTION
Extent x, 258p. : ill.
350 ## -
-- 0.00
995 ## -
-- MAIN LIBRARY OPEN ACCESS
-- 0.00
-- 005665
-- CBU-MAIN LIBRARY (Kitwe)
-- 2
-- 0.00
-- HF 5415.2 Bre
-- AVAILABLE
-- 005665
-- Main Library Open Access Collection
995 ## -
-- MAIN LIBRARY OPEN ACCESS
-- 0.00
-- 005664
-- CBU-MAIN LIBRARY (Kitwe)
-- 1
-- 0.00
-- HF 5415.2 Bre
-- AVAILABLE
-- 005664
-- Main Library Open Access Collection
999 ## -
-- 75538
-- 75538
Holdings
Withdrawn status Lost status Source of classification or shelving scheme Damaged status Not for loan Permanent Location Current Location Shelving location Date acquired Total Checkouts Full call number Barcode Date last seen Copy number Price effective from Koha item type
          CBU-MAIN LIBRARY, KITWE. CBU-MAIN LIBRARY, KITWE.   02/22/2023   HF 5415.2 Bre 005665 02/22/2023 1 02/22/2023 MONOGRAPH
          CBU-MAIN LIBRARY, KITWE. CBU-MAIN LIBRARY, KITWE.   02/22/2023   HF 5415.2 Bre 005664 02/22/2023 2 02/22/2023 MONOGRAPH